<?xml version="1.0" encoding="UTF-8" ?>
<collection xmlns="http://www.loc.gov/MARC21/slim"><record><leader>01233nab a2200289   4500</leader><controlfield tag="001">65853</controlfield><controlfield tag="003">CH-000273-5</controlfield><controlfield tag="005">20190603085456.0</controlfield><datafield tag="035" ind1=" " ind2=" "><subfield code="a">(OCoLC)1005894611</subfield></datafield><datafield tag="040" ind1=" " ind2=" "><subfield code="a">CH-000273-5</subfield><subfield code="b">ger</subfield><subfield code="e">rda</subfield></datafield><datafield tag="041" ind1=" " ind2=" "><subfield code="a">ger</subfield></datafield><datafield tag="245" ind1="0" ind2="0"><subfield code="a">Uhu</subfield><subfield code="b">das neue Ullsteinmagazin</subfield><subfield code="n">3(1927), Heft 5</subfield></datafield><datafield tag="246" ind1="3" ind2="3"><subfield code="a">Neue Monatshefte Uhu</subfield></datafield><datafield tag="264" ind1="3" ind2="1"><subfield code="a">Berlin</subfield><subfield code="b">Ullstein</subfield><subfield code="c">1927</subfield></datafield><datafield tag="300" ind1=" " ind2=" "><subfield code="a">137 Seiten</subfield><subfield code="b">Illustrationen, schwarz-weiss</subfield><subfield code="c">24,3 cm</subfield></datafield><datafield tag="336" ind1=" " ind2=" "><subfield code="a">Text</subfield><subfield code="b">txt</subfield><subfield code="2">rdacontent</subfield></datafield><datafield tag="336" ind1=" " ind2=" "><subfield code="a">unbewegtes Bild</subfield><subfield code="b">sti</subfield><subfield code="2">rdacontent</subfield></datafield><datafield tag="337" ind1=" " ind2=" "><subfield code="a">ohne Hilfsmittel zu benutzen</subfield><subfield code="b">n</subfield><subfield code="2">rdamedia</subfield></datafield><datafield tag="338" ind1=" " ind2=" "><subfield code="a">Band</subfield><subfield code="b">nc</subfield><subfield code="2">rdacarrier</subfield></datafield><datafield tag="501" ind1=" " ind2=" "><subfield code="a">Wozu war Dada da? : Ein Rückblick auf eine nun schon historisch gewordene Bewegung. Wozu war sie nötig? Was ist übriggeblieben? Was hat der Dadaismus geleistet? : Mit Reproduktionen aus der Dada-Zeit / von Richard Huelsenbeck, S. 86 - 95</subfield></datafield><datafield tag="510" ind1="4" ind2="0"><subfield code="a">Dada global, 1994</subfield><subfield code="c">S. 166, Nr. 71</subfield></datafield><datafield tag="600" ind1="1" ind2="7"><subfield code="a">Huelsenbeck, Richard</subfield><subfield code="d">1892-1974</subfield><subfield code="2">gnd</subfield></datafield><datafield tag="610" ind1="2" ind2="4"><subfield code="x">Kunsthaus Zürich</subfield><subfield code="x">Dadaismus</subfield><subfield code="x">Sammlung</subfield><subfield code="2">gnd</subfield></datafield><datafield tag="655" ind1="0" ind2="7"><subfield code="a">Zeitschrift</subfield><subfield code="2">gnd-content</subfield></datafield><datafield tag="773" ind1=" " ind2=" "><subfield code="t">Uhu</subfield><subfield code="w">(CH-000273-5)65852</subfield></datafield><datafield tag="852" ind1="4" ind2="0"><subfield code="a">CH-000273-5</subfield><subfield code="c">DADA III:48:3(1927):5</subfield></datafield><datafield tag="856" ind1="4" ind2="1"><subfield code="u">https://digital.kunsthaus.ch/viewer/image/65853/1/</subfield><subfield code="y">Kunsthaus Zürich Sammlungen online</subfield></datafield></record></collection>